[Event "SB-2021-0-00615"]
[Site "LSS email"]
[Date "2021.06.05"]
[Round "?"]
[White "Granara Barreto, Sebastian"]
[Black "Malmstrom, Jan"]
[Result "1/2-1/2"]
[WhiteElo "1981"]
[BlackElo "1941"]
[PlyCount "101"]
[EventDate "2021.03.14"]
[EventType "tourn (corr)"]
[EventRounds "6"]
[EventCountry "GER"]
[SourceTitle "Corr 2024"]
[Source "ChessBase"]
[SourceDate "2023.10.19"]
[SourceVersion "1"]
[SourceVersionDate "2023.10.19"]
[SourceQuality "1"]

1. e4 e5 2. Nf3 Nc6 3. Bb5 a6 4. Ba4 Nf6 5. 0-0 Nxe4 6. d4 b5 7. Bb3 d5 8. dxe5 Be6 9. Nbd2 Be7 10. c3 Nc5 11. Bc2 d4 12. Nb3 d3 13. Bb1 Nxb3 14. axb3 Bf5 15. b4 0-0 16. Re1 a5 17. bxa5 Rxa5 18. Rxa5 Nxa5 19. Nd4 Bg6 20. Bxd3 Bxd3 21. Qxd3 c5 22. Qxb5 cxd4 23. Bd2 Qb8 24. Qxa5 Qxb2 25. cxd4 Qxd4 26. Be3 Qc4 27. Rc1 Qe6 28. Qc7 Rd8 29. h3 h6 30. Rc6 Rd1+ 31. Kh2 Qd5 32. Rc3 Bd8 33. Qc5 Qe6 34. Qb5 f6 35. exf6 Bxf6 36. Rc5 Be7 37. Rc1 Rxc1 38. Bxc1 Bf6 39. Qd3 Qe5+ 40. g3 Qc5 41. Be3 Qe5 42. Qc4+ Kh7 43. Qc6 Qf5 44. Kg2 Qe5 45. Qc2+ g6 46. Qc4 h5 47. Qf7+ Bg7 48. Qb7 Kh8 49. Bf4 Qe6 50. Bc1 Qe5 51. Bf4 1/2-1/2

[Event "SB-2021-0-00615"]
[Site "LSS email"]
[Date "2021.06.03"]
[Round "?"]
[White "Kulczycki, Michael"]
[Black "Malmstrom, Jan"]
[Result "1-0"]
[WhiteElo "1938"]
[BlackElo "1941"]
[PlyCount "53"]
[EventDate "2021.03.14"]
[EventType "tourn (corr)"]
[EventRounds "6"]
[EventCountry "GER"]
[SourceTitle "Corr 2024"]
[Source "ChessBase"]
[SourceDate "2023.10.19"]
[SourceVersion "1"]
[SourceVersionDate "2023.10.19"]
[SourceQuality "1"]

1. d4 Nf6 2. Nf3 g6 3. c4 Bg7 4. Nc3 0-0 5. g3 d5 6. c5 b6 7. cxb6 axb6 8. Bg2 c5 9. Bf4 Nc6 10. 0-0 e6 11. Rc1 Bb7 12. dxc5 bxc5 13. Na4 c4 14. b3 Rxa4 15. bxa4 Ne4 16. Be3 Qa5 17. Rb1 Qa8 18. Rb6 Nc3 19. Qd2 Nxa4 20. Rbb1 c3 21. Qc1 Ba6 22. Re1 e5 23. Bh6 e4 24. Bxg7 Kxg7 25. Ng5 Bc4 26. Qf4 Re8 27. Qxf7+ 1-0

[Event "RB-2021-0-00401"]
[Site "LSS email"]
[Date "2021.04.11"]
[Round "?"]
[White "Malmstrom, Jan"]
[Black "Laudati, Lelio"]
[Result "1/2-1/2"]
[WhiteElo "1852"]
[BlackElo "1929"]
[PlyCount "107"]
[EventDate "2020.12.22"]
[EventType "tourn (corr)"]
[EventRounds "6"]
[EventCountry "GER"]
[SourceTitle "Corr 2024"]
[Source "ChessBase"]
[SourceDate "2023.10.19"]
[SourceVersion "1"]
[SourceVersionDate "2023.10.19"]
[SourceQuality "1"]

1. e4 e6 2. d4 d5 3. Nc3 Bb4 4. e5 c5 5. a3 Bxc3+ 6. bxc3 Ne7 7. Qg4 0-0 8. Bd3 Nbc6 9. Nf3 f5 10. Qg3 Qb6 11. 0-0 cxd4 12. Rb1 Qxb1 13. Bh6 Qxf1+ 14. Kxf1 Ng6 15. Bc1 dxc3 16. h4 Rf7 17. h5 Nf8 18. h6 Bd7 19. Bg5 g6 20. Qh4 Re8 21. Kg1 Bc8 22. Be3 b6 23. Bb5 Bd7 24. Be2 Rc8 25. a4 Re8 26. Ng5 Rfe7 27. Bc1 a5 28. Ba3 Nb4 29. Bxb4 axb4 30. Qxb4 Bc6 31. Qxb6 Bxa4 32. Qc5 Rd7 33. Ba6 Rdd8 34. Qa5 Bd7 35. Bb7 Rb8 36. Qc7 d4 37. Ba6 Ra8 38. Bd3 Rac8 39. Qb6 Rc6 40. Qxd4 Rb8 41. g4 Rcb6 42. gxf5 gxf5 43. Bc4 Rc6 44. Be2 Rc7 45. Qd6 Rbb7 46. Bh5 Bc8 47. f4 Rd7 48. Qc5 Rbc7 49. Qe3 Bb7 50. Qg3 Kh8 51. Qe3 Kg8 52. Qg3 Kh8 53. Qf2 Kg8 54. Qg3 1/2-1/2

[Event "RB-2021-0-00401"]
[Site "LSS email"]
[Date "2021.04.11"]
[Round "?"]
[White "Wernitz, Helmut"]
[Black "Malmstrom, Jan"]
[Result "1/2-1/2"]
[WhiteElo "1957"]
[BlackElo "1852"]
[PlyCount "79"]
[EventDate "2020.12.22"]
[EventType "tourn (corr)"]
[EventRounds "6"]
[EventCountry "GER"]
[SourceTitle "Corr 2024"]
[Source "ChessBase"]
[SourceDate "2023.10.19"]
[SourceVersion "1"]
[SourceVersionDate "2023.10.19"]
[SourceQuality "1"]

1. e4 e5 2. Nf3 Nc6 3. Bc4 Nf6 4. d3 Bc5 5. c3 a6 6. Bb3 d6 7. 0-0 0-0 8. h3 h6 9. Re1 Re8 10. Nbd2 Be6 11. Nf1 d5 12. exd5 Nxd5 13. Ng3 b5 14. a3 Bd6 15. Ne4 Nb6 16. Be3 Nd5 17. Bd2 Nf6 18. Bxe6 Rxe6 19. Qc2 Qd7 20. b4 Rae8 21. Nh4 Ne7 22. Rac1 Rc8 23. c4 c5 24. Nxd6 Qxd6 25. bxc5 Qxc5 26. Bb4 Qc7 27. Qb2 bxc4 28. Rxc4 Nc6 29. d4 e4 30. Nf5 Qd7 31. Rc5 Nd5 32. Qc2 Rce8 33. Bd2 Nce7 34. Qb3 Nxf5 35. Rxd5 Nxd4 36. Qc4 Rd6 37. Rxd6 Qxd6 38. Bb4 Qb6 39. Re3 Nc6 40. Rxe4 1/2-1/2

[Event "SB-2021-0-00611"]
[Site "LSS email"]
[Date "2021.03.06"]
[Round "?"]
[White "Schubert, Steffen"]
[Black "Malmstrom, Jan"]
[Result "0-1"]
[WhiteElo "1948"]
[BlackElo "1833"]
[PlyCount "56"]
[EventDate "2021.01.19"]
[EventType "tourn (corr)"]
[EventRounds "6"]
[EventCountry "GER"]
[SourceTitle "Corr 2024"]
[Source "ChessBase"]
[SourceDate "2023.10.19"]
[SourceVersion "1"]
[SourceVersionDate "2023.10.19"]
[SourceQuality "1"]

1. e4 c5 2. Nf3 d6 3. d4 cxd4 4. Nxd4 Nf6 5. Nc3 Nc6 6. Bc4 Bd7 7. 0-0 e6 8. Be3 Be7 9. f4 0-0 10. Nb3 a6 11. Be2 b5 12. a3 Re8 13. g4 h6 14. Qd2 Rb8 15. Kg2 a5 16. g5 hxg5 17. fxg5 Nh7 18. g6 fxg6 19. Bxb5 Rxb5 20. Nxb5 a4 21. Nc1 d5 22. Nc3 Nf6 23. N1e2 dxe4 24. Rad1 Ne5 25. Qe1 Nc4 26. Nf4 Nxb2 27. Rxd7 Qxd7 28. Nxg6 Nc4 0-1

[Event "SB-2021-0-00610"]
[Site "LSS email"]
[Date "2021.02.20"]
[Round "?"]
[White "Malmstrom, Jan"]
[Black "Schubert, Steffen"]
[Result "1-0"]
[WhiteElo "1832"]
[BlackElo "1947"]
[PlyCount "45"]
[EventDate "2021.01.13"]
[EventType "tourn (corr)"]
[EventRounds "6"]
[EventCountry "GER"]
[SourceTitle "Corr 2024"]
[Source "ChessBase"]
[SourceDate "2023.10.19"]
[SourceVersion "1"]
[SourceVersionDate "2023.10.19"]
[SourceQuality "1"]

1. e4 e5 2. Nf3 Nf6 3. Nxe5 d6 4. Nf3 Nxe4 5. d4 d5 6. Bd3 Be7 7. 0-0 Nc6 8. Nc3 f5 9. Ne2 0-0 10. c4 Nb4 11. cxd5 Nxd3 12. Qxd3 Qxd5 13. Nf4 Qd8 14. Qc4+ Kh8 15. Ne5 g5 16. Nh5 Nd6 17. Qe2 Ne4 18. d5 Qxd5 19. b3 Kg8 20. Bb2 Qe6 21. Rac1 c6 22. Rcd1 b6 23. Ba1 1-0

[Event "SB-2021-0-00609"]
[Site "LSS email"]
[Date "2021.02.16"]
[Round "?"]
[White "Malmstrom, Jan"]
[Black "Wittal, Werner"]
[Result "1/2-1/2"]
[WhiteElo "1818"]
[BlackElo "1933"]
[PlyCount "54"]
[EventDate "2021.01.10"]
[EventType "tourn (corr)"]
[EventRounds "6"]
[EventCountry "GER"]
[SourceTitle "Corr 2024"]
[Source "ChessBase"]
[SourceDate "2023.10.19"]
[SourceVersion "1"]
[SourceVersionDate "2023.10.19"]
[SourceQuality "1"]

1. e4 e5 2. Nf3 Nc6 3. Bb5 a6 4. Ba4 Nf6 5. 0-0 Be7 6. Re1 b5 7. Bb3 d6 8. c3 0-0 9. a4 Bd7 10. d4 h6 11. h3 Re8 12. Nbd2 Bf8 13. Bc2 exd4 14. Nxd4 Ne5 15. f4 Ng6 16. N2f3 c5 17. Nf5 Bc6 18. Ng3 Rb8 19. axb5 axb5 20. e5 Bxf3 21. Qxf3 dxe5 22. Bxg6 fxg6 23. fxe5 Nd7 24. e6 Nf6 25. Ra6 Rb6 26. Rxb6 Qxb6 27. Bxh6 Rxe6 1/2-1/2

[Event "SB-2021-0-00609"]
[Site "LSS email"]
[Date "2021.02.15"]
[Round "?"]
[White "Malmstrom, Jan"]
[Black "Callow, Chris"]
[Result "1/2-1/2"]
[WhiteElo "1818"]
[BlackElo "1982"]
[PlyCount "62"]
[EventDate "2021.01.10"]
[EventType "tourn (corr)"]
[EventRounds "6"]
[EventCountry "GER"]
[SourceTitle "Corr 2024"]
[Source "ChessBase"]
[SourceDate "2023.10.19"]
[SourceVersion "1"]
[SourceVersionDate "2023.10.19"]
[SourceQuality "1"]

1. e4 e5 2. Nf3 Nc6 3. Bb5 a6 4. Ba4 Nf6 5. 0-0 Be7 6. Re1 b5 7. Bb3 0-0 8. a4 b4 9. d4 d6 10. dxe5 dxe5 11. Nbd2 Bc5 12. a5 Bg4 13. h3 Bxf3 14. Qxf3 Nd4 15. Qg3 Re8 16. Qd3 Nh5 17. Nf3 Nxb3 18. Qxb3 Rb8 19. Bg5 Qc8 20. Qc4 Rb5 21. Red1 h6 22. Rd5 Bxf2+ 23. Kxf2 Rxd5 24. Qxd5 c6 25. Qc4 hxg5 26. Nxg5 Qb7 27. Rf1 Rf8 28. g3 b3 29. Qxb3 Qxb3 30. cxb3 Rb8 31. Rc1 f6 1/2-1/2

[Event "SB-2021-0-00609"]
[Site "LSS email"]
[Date "2021.02.15"]
[Round "?"]
[White "Malmstrom, Jan"]
[Black "Schubert, Steffen"]
[Result "1/2-1/2"]
[WhiteElo "1818"]
[BlackElo "1947"]
[PlyCount "40"]
[EventDate "2021.01.10"]
[EventType "tourn (corr)"]
[EventRounds "6"]
[EventCountry "GER"]
[SourceTitle "Corr 2024"]
[Source "ChessBase"]
[SourceDate "2023.10.19"]
[SourceVersion "1"]
[SourceVersionDate "2023.10.19"]
[SourceQuality "1"]

1. e4 e5 2. Nf3 Nf6 3. Nxe5 d6 4. Nf3 Nxe4 5. d4 d5 6. Bd3 Be7 7. 0-0 Nc6 8. c4 Nb4 9. Be2 dxc4 10. Bxc4 0-0 11. Nc3 Nd6 12. Bb3 Bf6 13. Ne5 Nc6 14. Bf4 Be6 15. Bxe6 fxe6 16. Re1 Bxe5 17. Bxe5 Nf5 18. d5 exd5 19. Qxd5+ Qxd5 20. Nxd5 Nxe5 1/2-1/2